Doprava a zasielateľstvo vybrané problémy
Saved in:
| Main Author: | |
|---|---|
| Corporate Author: | |
| Other Authors: | |
| Format: | Book |
| Language: | Slovak |
| Published: |
Bratislava
Vydavateľstvo EKONÓM
1999
|
| Subjects: | |
| Tags: |
No Tags, Be the first to tag this record!
|
MARC
| LEADER | 00000nam a2200000 4500 | ||
|---|---|---|---|
| 001 | c114935 | ||
| 005 | 20221102132545.6 | ||
| 020 | |a 80-225-1170-6 | ||
| 041 | 0 | |a slo | |
| 044 | |a SK | ||
| 245 | 1 | 0 | |a Doprava a zasielateľstvo |b vybrané problémy |c Antónia Štensová, Tibor Bôrik |
| 264 | 1 | |a Bratislava |b Vydavateľstvo EKONÓM |c 1999 | |
| 300 | |a 120 s. | ||
| 610 | 2 | 0 | |a doprava |
| 610 | 2 | 0 | |a preprava |
| 610 | 2 | 0 | |a zasielateľstvá |
| 610 | 2 | 0 | |a produkty |
| 610 | 2 | 0 | |a doprava cestná |
| 610 | 2 | 0 | |a doprava medzinárodná |
| 610 | 2 | 0 | |a doprava nákladná |
| 610 | 2 | 0 | |a zmluvy |
| 610 | 2 | 0 | |a trh |
| 610 | 2 | 0 | |a služby dopravné |
| 610 | 2 | 0 | |a poistenie |
| 610 | 2 | 0 | |a zasielatelia |
| 610 | 2 | 0 | |a CMR |
| 610 | 2 | 0 | |a CIM |
| 610 | 2 | 0 | |a AETR |
| 100 | 1 | |a Štensová, Antónia | |
| 700 | 1 | |a Bôrik, Tibor | |
| 710 | 2 | |a Ekonomická univerzita v Bratislave. Obchodná fakulta | |